000 00296nam a2200133Ia 4500
008 230917s9999||||xx |||||||||||||| ||und||
040 _e119060
_aMAIN
041 _aEnglish
082 _a589.3 B638I
100 _aBold
245 0 _aIntroduction to the alage
300 _a720p. p.
942 _cBK
999 _c53069
_d53069